| 000 | 00474nam a2200181Ia 4500 | ||
|---|---|---|---|
| 001 | 18498 | ||
| 005 | 20260306171635.0 | ||
| 008 | 260306s9999||||xx |||||||||||||| ||und|| | ||
| 041 | _aESP | ||
| 082 |
_a658.406 _bJ55 |
||
| 100 |
_aJiménez Partearroyo, Monserrat _eAUT |
||
| 245 | 0 |
_aGestión informática de la empresa: _bnuevos modelos de negocio |
|
| 260 | _c2012 | ||
| 300 |
_a198 páginas : _c24 cm. |
||
| 650 | _aGEN | ||
| 654 | _aCAN | ||
| 942 |
_cLIB _dJUS _fJUS _2ddc _n |
||
| 999 |
_c18498 _d18498 |
||